Gestión de espacios naturales: la demanda de servicios recreativos
Guardado en:
| Autores principales: | , |
|---|---|
| Formato: | Libro |
| Lenguaje: | español |
| Publicado: |
Madrid
McGraw Hill
1996
|
| Materias: | |
| Etiquetas: |
Agregar Etiqueta
Sin Etiquetas, Sea el primero en etiquetar este registro!
|
MARC
| LEADER | 00000nam a2200000 a 4500 | ||
|---|---|---|---|
| 001 | UCS4876 | ||
| 003 | CL-VaPUC | ||
| 008 | 970814e19960000SP |||||||||||||||||spa|d | ||
| 082 | 0 | 4 | |a 344.046 |b AZQ |2 21 |
| 100 | |a Azqueta Oyarzún, Diego |e author |9 333777 | ||
| 700 | 0 | |a Pérez y Pérez, Luís |e author |9 390683 | |
| 245 | 1 | 0 | |a Gestión de espacios naturales: la demanda de servicios recreativos |
| 300 | |a 237 p | ||
| 942 | |c BK | ||
| 945 | |d 19970814 00:00:00 |a jquezada | ||
| 260 | |a Madrid |b McGraw Hill |c 1996 | ||
| 500 | |a ALGUNOS EJEMPLARES EN INST.DE GEOGRAFIA POR PROY.MINEDUC | ||
| 650 | 0 | |a Medio ambiente |9 257625 | |
| 650 | 7 | |a PLANIFICACION AMBIENTAL |2 CL-VaPUC |9 337987 | |
| 650 | 0 | |a Gestión ambiental |9 338121 | |
| 650 | 7 | |a LEGISLACION |2 CL-VaPUC |9 390684 | |
| 650 | 0 | |a Derecho público |9 255910 | |
| 583 | |a last modification |c 19970814 00:00:00 |k Rodrigo Vera | ||
| 999 | |c 261659 |d 261657 | ||
| 952 | |0 0 |1 0 |4 0 |6 344_046000000000000_AZQ_1996 |7 0 |8 CCM |9 289362 |a BIBCUR |b BIBCUR |d 2019-11-19 |i 3340791 |o 344.046 AZQ 1996 |p 3340791 |r 2025-04-22 |w 2019-11-19 |y BK |k CIM | ||
| 952 | |0 0 |1 0 |4 0 |6 344_046000000000000_AZQ_1996 |7 0 |8 A |9 289363 |a BIBING |b BIBING |d 2019-11-19 |i 3430510 |o 344.046 AZQ 1996 |p 3430510 |r 2025-01-20 |w 2019-11-19 |y BK |k GEO | ||
| 952 | |0 0 |1 0 |4 0 |6 344_046000000000000_AZQ_1996 |7 0 |8 A |9 289364 |a BIBING |b BIBING |d 2019-11-19 |i 358870K |o 344.046 AZQ 1996 |p 358870K |r 2025-01-20 |w 2019-11-19 |y BK |k CCL | ||
| 952 | |0 0 |1 0 |4 0 |6 344_046000000000000_AZQ_1996 |7 0 |8 A |9 289365 |a BIBING |b BIBING |d 2019-11-19 |i 3787753 |o 344.046 AZQ 1996 |p 3787753 |r 2025-01-20 |w 2019-11-19 |y BK |k GEO | ||